KOHA-Header-6

Management Information Systems (Record no. 5792)

000 -LEADER
fixed length control field 00290nam a22001337a 4500
020 ## - INTERNATIONAL STANDARD BOOK NUMBER
ISBN 978-0073376769
082 ## - DEWEY DECIMAL CLASSIFICATION NUMBER
Classification number 658.403
100 ## - MAIN ENTRY--AUTHOR NAME
Personal name James A. O'Brien
245 ## - TITLE STATEMENT
Title Management Information Systems
250 ## - EDITION STATEMENT
Edition statement 6th
260 ## - PUBLICATION, DISTRIBUTION, ETC. (IMPRINT)
Place of publication New Delhi
Name of publisher Pearson
Year of publication 2003
300 ## - PHYSICAL DESCRIPTION
Number of Pages 350
942 ## - ADDED ENTRY ELEMENTS (KOHA)
Koha item type Books
Holdings
Withdrawn status Lost status Collection code Permanent Location Current Location Shelving location Date acquired Full call number Accession Number Koha item type
    Management MAJU MAJU   2019-09-04 658.403 2773 Management

Powered by Koha